|
|
|
|
| LEADER |
01261nam a2200253 a 4500 |
| 001 |
GR-MES975 |
| 008 |
991111s1992 gr 000 0 gre d |
| 040 |
|
|
|a GrPaTEI
|b gre
|c GR-PaULI
|
| 100 |
1 |
|
|a Πουρναράκης, Ευθύμιος Δ.
|
| 245 |
1 |
0 |
|a Διεθνή οικονομικά :
|b μια εισαγωγική προσέγγιση.
|
| 260 |
|
|
|a Αθήνα :
|b Το Οικονομικό,
|c 1992
|
| 300 |
|
|
|a 407σελ.
|
| 500 |
|
|
|a Περιέχει βιβλιογραφικές αναφορές
|
| 650 |
|
4 |
|a Διεθνές εμπόριο
|
| 650 |
|
4 |
|a ΙΣΟΖΥΓΙΟ ΠΛΗΡΩΜΩΝ
|
| 650 |
|
4 |
|a ΝΟΜΙΣΜΑΤΙΚΕΣ ΣΧΕΣΕΙΣ
|
| 650 |
|
4 |
|a Οικονομία
|
| 650 |
|
4 |
|a ΟΙΚΟΝΟΜΙΚΗ ΑΝΤΑΛΛΑΓΗ
|
| 650 |
|
4 |
|a Συνάλλαγμα
|
| 942 |
|
|
|2 ddc
|
| 952 |
|
|
|0 0
|1 0
|2 ddc
|4 0
|6 337_000000000000000_ΠΟΥ
|7 0
|9 264743
|a MSLG
|b MSLG
|c BSC
|d 2021-01-17
|e 24
|f 0
|g 0.00
|l 0
|o 337 ΠΟΥ
|p 2420000001870
|r 2021-01-17 00:00:00
|t 1
|w 2021-01-17
|y BK15
|x 19991111 0 1
|x GrPaTEI
|
| 952 |
|
|
|0 0
|1 0
|2 ddc
|4 0
|6 337_000000000000000_ΠΟΥ
|7 0
|9 264744
|a MSLG
|b MSLG
|c BSC
|d 2021-01-17
|e 24
|f 0
|g 0.00
|l 0
|o 337 ΠΟΥ
|p 2420000001925
|r 2021-01-17 00:00:00
|t 1
|w 2021-01-17
|y BK15
|x 19991111 0 1
|x GrPaTEI
|
| 971 |
|
|
|a .b2572017x
|b 15-04-20
|c 13-09-16
|
| 999 |
|
|
|c 152267
|d 152267
|